1060 1517 1573 1916 1675 1642 1769 1061 1649 1010 1598 1777 1351 1335 1527 1633 1221 1702 1441 1698 1440 1445 1079 1628 1656 1729 1001 1520 1113 1522 1211 1229 1304 1226 1548 1862 1262 1196 1815 1071 1463 1724 1306 1817 1100 1059 1493 1744 1219 1543 1893 1756 1713 1498 1776 1997 1369 1703 1966 1094 1858 1376 1443 1148 1089 1431 1096 1137 1138 1335 1204 1153 1052 1249 1375 1082 1499 1584 1579 1605 1422 1650 1222 1327 1421 1275 1995 1198 1284 1064 1791 1893 1606 1231 1207 1854 1873 1149 1289 BCNSPRNW ULIB Ver.6.0+V

เปลี่ยนเป็นภาษาไทย

Change to English
 แสดงรายละเอียดบรรณานุกรม
  กลับหน้าหลัก

Brief Record : Get Marc (ISO 2709) : E-mail record : QR code < ปิดหน้าต่าง
LEADER : 00000nam 2200000uu 4500
001    13399113477
003     ULIB
008    110627s2550||||th 000 0 tha d
020    9789747503470
090    นว.^bฌ111ค 2550
100 0  ฌามิวอาห์
245 00 คือคนนี้ที่หัวใจบอกรัก/^cฌามิวอาห์
250    พิมพ์ครั้งที่ 2
260    กรุงเทพฯ :^bแจ่มใส,^c2550
300    386 หน้า
710 1  แจ่มใส
945    ^p229^l0^i027185
995    ทศพร
999 ^a ใช้งานได้ทุกระบบ
รายการนี้ยังไม่มีแท็ก
คุณยังไม่ได้ล็อกอิน คุณสามารถมีกิจกรรมร่วมกับเว็บไซต์ได้ แต่ต้องล็อกอินก่อน ::
  ล็อกอิน

รายการสื่อสารสนเทศ

ลำดับที่ ประเภท เลขเรียก/บาร์โค้ด สถานที่ สถานะ
1. นวนิยาย
นวนิยาย
นว. ฌ111ค 2550 ฉ.1 
  Barcode: 027185
ห้องสมุดวิทยาเขตสวรรค์ประชารักษ์
►นวนิยาย
บนชั้น
  ขอยืม

รายการใกล้เคียง
    ผู้แต่ง [ฌามิวอาห์]

BibComment


ยังไม่เคยถูกคอมเมนท์

คอมเมนท์ทรัพยากรรายการนี้
  คอมเมนท์: คือคนนี้ที่หัวใจบ..


 Copyright 2026. Bcnsprnw @Library